Noches con los romanistas (Record no. 165287)

MARC details
000 -LEADER
campo de control de longitud fija 00804nam a2200205 i 4500
001 - NÚMERO DE CONTROL
campo de control 165287
003 - IDENTIFICADOR DE NÚMERO DE CONTROL
campo de control ES-MaACL
005 - FECHA Y HORA DE LA ÚLTIMA TRANSACCIÓN
campo de control 20250831062448.0
008 - DATOS DE LONGITUD FIJA--INFORMACIÓN GENERAL
campo de control de longitud fija 050906q1852 xxu |||| | spa d
040 ## - FUENTE DE CATALOGACIÓN
Centro catalogador/agencia de origen CAM
Lengua de catalogación spa
Centro/agencia transcriptor CAM
100 1# - ENTRADA PRINCIPAL--NOMBRE DE PERSONA
Nombre de persona Seymour, M.H.
9 (RLIN) 132699
245 10 - MENCIÓN DEL TÍTULO
Título Noches con los romanistas
Resto del título : con un capítulo preliminar sobre los resultados morales del sistema romano /
Mención de responsabilidad, etc. por M.H. Seymour ; obra traducida del inglés y compendiada por H.B. Pratt.
260 ## - PUBLICACIÓN, DISTRIBUCIÓN, ETC.
Lugar de publicación, distribución, etc. Nueva York :
Nombre del editor, distribuidor, etc. Sociedad Americana de Tratados,
Fecha de publicación, distribución, etc. [ca. 1852]
300 ## - DESCRIPCIÓN FÍSICA
Extensión 396 p. ;
Dimensiones 19 cm.
610 27 - PUNTO DE ACCESO ADICIONAL DE MATERIA--NOMBRE DE ENTIDAD CORPORATIVA
Nombre de entidad corporativa o nombre de jurisdicción como elemento de entrada Iglesia Católica-
Subdivisión general Doctrinas
Fuente del encabezamiento o término
9 (RLIN) 151420
700 1# - ENTRADA AGREGADA--NOMBRE PERSONAL
Nombre de persona Pratt, H.B.
9 (RLIN) 131346
852 ## - LOCALIZACIÓN
Ubicación ES-MaACL
Número de control de estantería C-1384
Nota libre - Enc. tela
-- . - Legado de Modesto de la Fuente
Holdings
Estatus retirado Estado de pérdida Estado de daño No para préstamo Colección Biblioteca de origen Biblioteca actual Ubicación en estantería Fecha de adquisición Fuente de adquisición Total de préstamos Signatura topográfica completa Código de barras Visto por última vez Precio de reemplazo Tipo de ítem Koha
        Libros del s. XIX Biblioteca del Ateneo de Madrid Biblioteca del Ateneo de Madrid Sala Palomar 17/01/2008     C-1384 1173322 23/02/2023 23/02/2023 Libro impreso antiguo